[Event "Berlin Lichtenrade op 15th"]
[Site "Berlin"]
[Date "2019.10.16"]
[Round "5"]
[White "Federau, Juergen"]
[Black "Matthes, Aaron"]
[Result "0-1"]
[WhiteElo "2083"]
[BlackElo "1995"]
[PlyCount "162"]
[EventDate "2019.10.12"]
[EventType "swiss"]
[EventRounds "9"]
[EventCountry "GER"]
[SourceTitle "CBM 195 Extra"]
[Source "ChessBase"]
[SourceDate "2020.05.31"]
[SourceVersion "1"]
[SourceVersionDate "2020.05.31"]
[SourceQuality "1"]

1. d4 Nf6 2. c4 e6 3. Nc3 Bb4 4. e3 0-0 5. Bd3 c5 6. Nf3 d5 7. 0-0 dxc4 8. Bxc4 cxd4 9. exd4 b6 10. Bg5 Bb7 11. Rc1 h6 12. Bh4 Nc6 13. Bd3 Be7 14. Bb1 Rc8 15. Re1 Nh5 16. Qd3 g6 17. Bxe7 Nxe7 18. Rcd1 Nf5 19. Ne2 Nh4 20. Nxh4 Qxh4 21. f3 Rfd8 22. Qe3 Nf6 23. Nc3 Nd5 24. Nxd5 Bxd5 25. Rd2 Rc7 26. Red1 Rdc8 27. Qf2 Qf4 28. Qe2 Rc1 29. Qd3 Kg7 30. Qe2 Kh7 31. Qe1 R1c7 32. Qe5 Qh4 33. Qe1 Qe7 34. Qe3 Rc1 35. Qe1 Rxd1 36. Rxd1 Qc7 37. Qd2 Qc4 38. Kf2 Qa4 39. b3 Qc6 40. Qd3 Qc7 41. h3 Qe7 42. Qd2 Kg7 43. Kg1 Qh4 44. Qe3 Kh7 45. Qd2 Rd8 46. Qe3 Rd7 47. Rc1 Bb7 48. Be4 Qd8 49. Bxb7 Rxb7 50. a4 Rd7 51. Rc4 Rd5 52. Qc3 a6 53. Rc7 Qf6 54. Rc6 Rxd4 55. Qc2 Qd8 56. Qe2 Rd1+ 57. Kh2 Qb8+ 58. g3 Qd8 59. Rc2 Qd4 60. Qf2 Qxf2+ 61. Rxf2 Rb1 62. Rd2 Rxb3 63. Rd6 Rb2+ 64. Kg1 Kg7 65. Rc6 a5 66. h4 Kf6 67. g4 h5 68. g5+ Kg7 69. Rd6 Rb4 70. Kf2 Rxh4 71. Rxb6 Rxa4 72. Ra6 Ra2+ 73. Kg3 Rd2 74. f4 Rd3+ 75. Kf2 Ra3 76. Kg2 h4 77. Ra8 Ra4 78. Kf3 h3 79. Kg3 h2 80. Kxh2 Rxf4 81. Rxa5 Rf5 0-1

[Event "Berlin Werner Ott op"]
[Site "Berlin"]
[Date "2019.06.26"]
[Round "5"]
[White "Federau, Juergen"]
[Black "Ziems, Michael"]
[Result "1-0"]
[WhiteElo "2078"]
[BlackElo "1793"]
[PlyCount "82"]
[EventDate "2019.06.22"]
[EventType "swiss"]
[EventRounds "9"]
[EventCountry "GER"]
[SourceTitle "EXT 2022"]
[Source "ChessBase"]
[SourceDate "2021.10.06"]
[SourceVersion "1"]
[SourceVersionDate "2021.10.06"]
[SourceQuality "1"]

1. c4 e6 2. d4 d5 3. Nc3 Nf6 4. Bg5 Be7 5. e3 Nbd7 6. Nf3 c5 7. dxc5 Nxc5 8. cxd5 Nxd5 9. Bxe7 Kxe7 10. Nxd5+ Qxd5 11. Qxd5 exd5 12. Rc1 Kd6 13. Be2 Be6 14. Nd4 a6 15. f3 Rac8 16. Kd2 g6 17. g4 Nd7 18. Rxc8 Rxc8 19. g5 Ne5 20. b3 Nd7 21. h4 h5 22. Bd3 Ne5 23. Bb1 b5 24. a3 Bd7 25. Rf1 a5 26. f4 Ng4 27. f5 Be8 28. fxg6 fxg6 29. Bd3 b4 30. axb4 axb4 31. Ra1 Ne5 32. Ra6+ Kc7 33. Be2 Kb7 34. Re6 Nc4+ 35. bxc4 dxc4 36. Bf3+ Kc7 37. Ra6 Rb8 38. Bd5 b3 39. Be4 b2 40. Bb1 Bd7 41. Rxg6 Bh3 1-0

[Event "Berlin-ch QT"]
[Site "Berlin"]
[Date "2019.04.28"]
[Round "9"]
[White "Federau, Juergen"]
[Black "Tscheuschner, Georg"]
[Result "1/2-1/2"]
[WhiteElo "2066"]
[BlackElo "2099"]
[PlyCount "103"]
[EventDate "2019.04.20"]
[EventType "swiss"]
[EventRounds "9"]
[EventCountry "GER"]
[SourceTitle "EXT 2020"]
[Source "ChessBase"]
[SourceDate "2019.10.17"]
[SourceVersion "1"]
[SourceVersionDate "2019.10.17"]
[SourceQuality "1"]

1. d4 Nf6 2. c4 e6 3. Nc3 Bb4 4. e3 0-0 5. Bd3 c5 6. Nf3 d5 7. 0-0 cxd4 8. exd4 dxc4 9. Bxc4 b6 10. a3 Bxc3 11. bxc3 Qc7 12. Qd3 Nbd7 13. Bg5 Bb7 14. Ba2 Be4 15. Qe3 Bd5 16. Rfc1 b5 17. Ne5 Bxa2 18. Bxf6 Nxf6 19. Rxa2 Nd5 20. Qd3 f6 21. Nf3 Qc4 22. Qxc4 bxc4 23. Nd2 Rfc8 24. Rb2 Nf4 25. Rcc2 Nd5 26. g3 Rab8 27. Rxb8 Rxb8 28. Nxc4 Rc8 29. Na5 Nxc3 30. Kg2 Rc7 31. Kf3 Kf8 32. Nb3 Ke7 33. Na1 Kd6 34. Ke3 Nd5+ 35. Kd3 Rb7 36. Rc8 Rb1 37. Nc2 Rb3+ 38. Kd2 Rb7 39. Rd8+ Ke7 40. Rg8 Kd6 41. Rd8+ Rd7 42. Re8 Re7 43. Rd8+ Kc7 44. Rh8 h6 45. Ne3 Nb6 46. h4 Kc6 47. h5 Kb5 48. Kd3 Ka4 49. g4 Kxa3 50. f4 Nd5 51. Nxd5 exd5 52. g5 1/2-1/2

[Event "Berlin-ch Seniors op 35th"]
[Site "Berlin"]
[Date "2019.02.05"]
[Round "7"]
[White "Federau, Juergen"]
[Black "Krueger, Ekkehard"]
[Result "1/2-1/2"]
[WhiteElo "2095"]
[BlackElo "1843"]
[PlyCount "77"]
[EventDate "2019.01.29"]
[EventType "swiss"]
[EventRounds "9"]
[EventCountry "GER"]
[SourceTitle "CBM 189 Extra"]
[Source "ChessBase"]
[SourceDate "2019.06.03"]
[SourceVersion "1"]
[SourceVersionDate "2019.06.03"]
[SourceQuality "1"]

1. d4 d5 2. Nf3 Nf6 3. e3 Bf5 4. Bd3 Bxd3 5. Qxd3 Qd6 6. 0-0 e6 7. b3 Be7 8. c4 0-0 9. Nc3 Na6 10. e4 dxe4 11. Nxe4 Qd8 12. Rd1 Nb4 13. Qe2 Nc6 14. Bb2 Nxe4 15. Qxe4 Bf6 16. Ba3 Re8 17. Rd2 Qc8 18. Rad1 a5 19. h3 Ne7 20. Bxe7 Rxe7 21. Ne5 g6 22. Rd3 c6 23. h4 Qc7 24. h5 Rd8 25. Ng4 Bg7 26. Qf3 f5 27. Ne3 e5 28. dxe5 Rxd3 29. Rxd3 Qxe5 30. hxg6 hxg6 31. Rd8+ Re8 32. Rxe8+ Qxe8 33. Qf4 Be5 34. Qh6 Kf7 35. g3 Bg7 36. Qf4 Be5 37. Qh6 Qh8 38. Qxh8 Bxh8 39. Kg2 1/2-1/2

[Event "Berlin Lichtenrade op 14th"]
[Site "Berlin"]
[Date "2018.10.30"]
[Round "4"]
[White "Kurayan, Ruslan"]
[Black "Federau, Juergen"]
[Result "1-0"]
[WhiteElo "2385"]
[BlackElo "2116"]
[PlyCount "53"]
[EventDate "2018.10.27"]
[EventType "swiss"]
[EventRounds "9"]
[EventCountry "GER"]
[SourceTitle "CBM 187 Extra"]
[Source "ChessBase"]
[SourceDate "2018.11.04"]
[SourceVersion "1"]
[SourceVersionDate "2018.11.04"]
[SourceQuality "1"]

1. e4 c5 2. Nf3 d6 3. d4 cxd4 4. Nxd4 Nf6 5. Nc3 a6 6. Be3 e5 7. Nb3 Be6 8. Qd2 Nbd7 9. f4 b5 10. 0-0-0 Rc8 11. Kb1 Be7 12. h3 h5 13. Be2 Qc7 14. g4 b4 15. Nd5 Bxd5 16. exd5 Nxd5 17. fxe5 Nxe3 18. Qxe3 Nxe5 19. Nd4 hxg4 20. Bxa6 Rb8 21. Bb5+ Kf8 22. hxg4 Rxh1 23. Rxh1 Ng6 24. Bd3 Qb7 25. Be4 Qd7 26. Bxg6 fxg6 27. Rh8+ 1-0

[Event "Berlin-ch Seniors op 34th"]
[Site "Berlin"]
[Date "2018.02.07"]
[Round "8"]
[White "Burchardt, Brigitte"]
[Black "Federau, Juergen"]
[Result "1-0"]
[WhiteElo "2170"]
[BlackElo "2112"]
[PlyCount "65"]
[EventDate "2018.01.30"]
[EventType "swiss"]
[EventRounds "9"]
[EventCountry "GER"]
[SourceTitle "EXT 2020"]
[Source "ChessBase"]
[SourceDate "2019.10.17"]
[SourceVersion "1"]
[SourceVersionDate "2019.10.17"]
[SourceQuality "1"]

1. e4 c5 2. Nf3 d6 3. d4 cxd4 4. Nxd4 Nf6 5. Nc3 a6 6. Be3 e6 7. Be2 Be7 8. 0-0 0-0 9. f4 Qc7 10. Bf3 Nc6 11. Nb3 Rb8 12. a4 b6 13. Qd2 Na5 14. Nxa5 bxa5 15. Rab1 Rd8 16. Kh1 d5 17. exd5 Bb7 18. Qf2 Bxd5 19. Bxd5 Nxd5 20. Bd4 Rb4 21. Nxd5 Rxd5 22. c3 Rb3 23. Qe2 Bc5 24. Qc4 Qb6 25. Bxc5 Rxc5 26. Qe4 Qc6 27. Rbd1 g6 28. Rd8+ Kg7 29. Qd4+ f6 30. Rd7+ Kg8 31. Rd6 Qc7 32. Rd8+ Kg7 33. Rd7+ 1-0

[Event "Berlin-ch Seniors op 34th"]
[Site "Berlin"]
[Date "2018.02.05"]
[Round "6"]
[White "Hildebrand, Gerald"]
[Black "Federau, Juergen"]
[Result "0-1"]
[WhiteElo "2160"]
[BlackElo "2112"]
[PlyCount "72"]
[EventDate "2018.01.30"]
[EventType "swiss"]
[EventRounds "9"]
[EventCountry "GER"]
[SourceTitle "EXT 2020"]
[Source "ChessBase"]
[SourceDate "2019.10.17"]
[SourceVersion "1"]
[SourceVersionDate "2019.10.17"]
[SourceQuality "1"]

1. d4 Nf6 2. c4 e6 3. Nc3 Bb4 4. e3 c5 5. Nf3 0-0 6. Bd3 Nc6 7. 0-0 Bxc3 8. bxc3 d6 9. e4 e5 10. Bg5 h6 11. Bh4 cxd4 12. cxd4 Bg4 13. dxe5 dxe5 14. h3 Bxf3 15. Qxf3 g5 16. Bg3 Qe7 17. Rfd1 Rad8 18. Rac1 Rd4 19. Bb1 Rfd8 20. Re1 Nd7 21. h4 Kg7 22. Qe2 Nc5 23. hxg5 hxg5 24. f3 Rd2 25. Qe3 f6 26. Rc2 Rd1 27. Rc1 Rxc1 28. Rxc1 Qd6 29. Bf2 b6 30. Be1 Qd4 31. Bf2 Qb2 32. Re1 Rd2 33. Rf1 Nd4 34. Qe1 Nce6 35. Qe3 Nf4 36. Kh1 Re2 0-1

[Event "Berlin Lichtenrade op 13th"]
[Site "Berlin"]
[Date "2017.11.02"]
[Round "6"]
[White "Federau, Juergen"]
[Black "Hoffbauer, Joerg"]
[Result "1-0"]
[WhiteElo "2113"]
[BlackElo "1785"]
[PlyCount "67"]
[EventDate "2017.10.28"]
[EventType "swiss"]
[EventRounds "9"]
[EventCountry "GER"]
[SourceTitle "CBM 181 Extra"]
[Source "ChessBase"]
[SourceDate "2017.12.12"]
[SourceVersion "1"]
[SourceVersionDate "2017.12.12"]
[SourceQuality "1"]

1. d4 b6 2. c4 Bb7 3. Nc3 e6 4. a3 f5 5. Nf3 Nf6 6. d5 Be7 7. g3 h6 8. Bg2 0-0 9. 0-0 Qe8 10. Nd4 Qc8 11. Bf4 a6 12. Rc1 Nh5 13. Bd2 c5 14. dxc6 Nxc6 15. Nxc6 Bxc6 16. Nd5 Bd8 17. e4 Nf6 18. exf5 exf5 19. Bb4 Re8 20. Re1 Re6 21. Qd3 g6 22. Qd2 Kh7 23. Bc3 Nh5 24. Qd4 Bc7 25. Rxe6 dxe6 26. Ne7 e5 27. Qd2 Qe6 28. Nxc6 Re8 29. Qd5 Qf6 30. Qd7+ Ng7 31. Qxc7 Qg5 32. Re1 Kg8 33. Bd5+ Kh8 34. Bxe5 1-0

[Event "Berlin Lichtenrade op 13th"]
[Site "Berlin"]
[Date "2017.10.31"]
[Round "4"]
[White "Federau, Juergen"]
[Black "Schmidt, Juergen"]
[Result "1/2-1/2"]
[WhiteElo "2113"]
[BlackElo "1948"]
[PlyCount "63"]
[EventDate "2017.10.28"]
[EventType "swiss"]
[EventRounds "9"]
[EventCountry "GER"]
[SourceTitle "CBM 181 Extra"]
[Source "ChessBase"]
[SourceDate "2017.12.12"]
[SourceVersion "1"]
[SourceVersionDate "2017.12.12"]
[SourceQuality "1"]

1. d4 d5 2. c4 c6 3. Nf3 Nf6 4. Nc3 e6 5. e3 Nbd7 6. Bd3 dxc4 7. Bxc4 b5 8. Bd3 Bb7 9. 0-0 a6 10. a4 b4 11. Nb1 c5 12. Nbd2 cxd4 13. exd4 Be7 14. Qe2 0-0 15. a5 Bd6 16. Nc4 Bc7 17. Rd1 Bd5 18. Bd2 Re8 19. h3 Bxc4 20. Bxc4 Bxa5 21. Ne5 Nxe5 22. dxe5 Nd5 23. Be1 Bc7 24. Bxb4 Qb8 25. Bxd5 exd5 26. Bc3 Bxe5 27. Bxe5 Rxe5 28. Qd2 h6 29. Ra5 Qd8 30. Rxd5 Rxd5 31. Qxd5 Qxd5 32. Rxd5 1/2-1/2

[Event "GER-chA Seniors 29th"]
[Site "Berlin"]
[Date "2017.08.07"]
[Round "3"]
[White "Huelsmann, Josef"]
[Black "Federau, Juergen"]
[Result "1/2-1/2"]
[WhiteElo "2218"]
[BlackElo "2126"]
[PlyCount "82"]
[EventDate "2017.08.07"]
[EventType "swiss"]
[EventRounds "9"]
[EventCountry "GER"]
[SourceTitle "EXT 2019"]
[Source "ChessBase"]
[SourceDate "2018.10.10"]
[SourceVersion "1"]
[SourceVersionDate "2018.10.10"]
[SourceQuality "1"]

1. d4 Nf6 2. Bg5 d5 3. Bxf6 exf6 4. e3 Bd6 5. g3 0-0 6. Bg2 c6 7. Ne2 Nd7 8. 0-0 f5 9. Qd3 Nf6 10. Nd2 Ne4 11. Rfd1 Be6 12. b3 b5 13. c3 Qe7 14. Nf4 Rab8 15. b4 a5 16. bxa5 Nxd2 17. Qxd2 Ba3 18. Nd3 Ra8 19. Rdb1 Qc7 20. Nb4 Rxa5 21. h4 Rfa8 22. h5 Qd6 23. Bf3 Bd7 24. Bd1 Qh6 25. Kg2 g5 26. hxg6 hxg6 27. Bb3 Qg5 28. Rh1 Kg7 29. Rh4 Rh8 30. Rxh8 Kxh8 31. Rh1+ Kg7 32. Bd1 Ra8 33. Rh4 Rh8 34. Rxh8 Kxh8 35. f4 Qe7 36. Bf3 Kg7 37. Kf2 Qf8 38. Qe1 Qh8 39. Qb1 Qf8 40. Qb3 Bxb4 41. cxb4 Qa8 1/2-1/2

[Event "Berlin Werner Ott op"]
[Site "Berlin"]
[Date "2017.07.23"]
[Round "9"]
[White "Federau, Juergen"]
[Black "Klenburg, Mikhail"]
[Result "1/2-1/2"]
[WhiteElo "2103"]
[BlackElo "2362"]
[PlyCount "88"]
[EventDate "2017.07.15"]
[EventType "swiss"]
[EventRounds "9"]
[EventCountry "GER"]
[SourceTitle "EXT 2019"]
[Source "ChessBase"]
[SourceDate "2018.10.10"]
[SourceVersion "1"]
[SourceVersionDate "2018.10.10"]
[SourceQuality "1"]

1. d4 Nf6 2. c4 c5 3. d5 b5 4. cxb5 a6 5. bxa6 g6 6. Nc3 Bxa6 7. g3 d6 8. Bg2 Bg7 9. Nf3 Nfd7 10. 0-0 Nb6 11. Qc2 N8d7 12. Rd1 0-0 13. Rb1 Nc4 14. b3 Qa5 15. bxc4 Qxc3 16. Qxc3 Bxc3 17. Bh6 Rfb8 18. Bh3 Nf6 19. Rbc1 Ba5 20. Rc2 Ne4 21. Rdc1 Ra7 22. Ne1 Bxe1 23. Rxe1 Rb4 24. f3 Nf6 25. Rec1 Rab7 26. Bc8 R7b6 27. Bxa6 Rxa6 28. Bg5 Kg7 29. Kf2 h6 30. Bd2 Rba4 31. Bc3 Rxa2 32. Rxa2 Rxa2 33. h4 Kf8 34. Bxf6 exf6 35. g4 Ra4 36. Ke3 Ke7 37. Kd3 Kd7 38. Rb1 Kc7 39. Kc3 Ra2 40. Kd3 Ra4 41. Kc3 Ra8 42. Kd3 Ra2 43. Ke3 Ra3+ 44. Kd2 Ra2+ 1/2-1/2